El fin del imperialismo corporatico (Registro nro. 10837)

Detalles MARC
000 -LEADER
fixed length control field 00362 a2200109 4500
001 - CONTROL NUMBER
control field ART_14716
005 - DATE AND TIME OF LATEST TRANSACTION
control field 20260410161613.0
008 - FIXED-LENGTH DATA ELEMENTS--GENERAL INFORMATION
fixed length control field 260409a
100 1# - MAIN ENTRY--PERSONAL NAME
Personal name Prahalad, C. K.
245 10 - TITLE STATEMENT
Title El fin del imperialismo corporatico
773 0# - HOST ITEM ENTRY
Title Harvard Business Review
Related parts Ideas clave de HBR para América Latina - Vol. 85, Nº 11 (nov. 2007)
Record control number REV340

No hay ítems disponibles.